00713nam a22002175i 4500001000700000003000900007005001700016008004100033080001900074100003700093245006500130250001200195260003800207300003900245490005200284500001400336546002400350651003400374830005200408852003500460176221ES-MaACL20250925063048.0101227s1956 sp |||| | cat d a94(460.23)"14"1 aVicens Vives, Jaime, d1910-196014aEls trastàmares b: el segle XV / cper J. Vicens i Vives. a1ª ed. aBarcelona : bTeide, cimp. 1956. a253 p. : bil. bl. y n. ; c21 cm.1 aBiografies catalanes. Sèrie històrica ; v8 aÍndice. aTexto en catalán. 4aCataluña-xHistoria-yS.XV.0 aBiografies catalanes. Sèrie històrica ; v8 aES-MaACLjE-13891 xOlim P-890